00285nam a2200133Ia 4500003000400000005001700004008004100021020000800062040001700070100002000087245002200107260001300129260000900142OSt20240321115620.0170524s9999 xx 000 0 und d aNIL cIIMTU MEERUT aJaffery -Madhur 2aA Tastes of India bPavilion c1985